Elementi di diritto canonico

Detalles Bibliográficos
Autor principal: Baccari, Renato
Formato: Desconocido
Lenguaje:italiano
Publicado: Bari : Cacucci, 2008
Materias:
Acceso en línea:Acceso restringido

MARC

LEADER 00000ny a22000003n 4500
005 2011061604274.0
008 020607s1978 it 001 0 ita c
020 |a 9788884228017 
035 |a 4672 
040 |a SpMaUCDE  |d vLex 
080 |a 348.1/.7(450) 
090 |c 765  |d 765 
100 1 |a Baccari, Renato 
245 1 0 |a Elementi di diritto canonico  |h [Recurso electrn̤ico]  |c Renato Baccari 
256 |a Servicio en ln̕ea 
260 |a Bari :  |b Cacucci,  |c 2008 
300 |a p. ;  |c cm 
506 1 |a Contenido solo disponible en los productos indicados  |d vLex Global  |d vLex Global (Academic Edition, excluding Law Schools)  |d vLex Global (U.S. Academic Edition, Law Schools)  |d vLex Global (U.S. Academic Edition, excluding Law Schools)  |d vLex Global (Academic Edition, Law Schools) 
650 0 4 |a Derecho cann̤ico  |z Italia 
740 0 |a vLex Libros (Servicios en ln̕ea) 
856 4 0 |u http://vlex.com/source/4672  |z Acceso restringido 
942 |c BOOK 
999 0 |a Canon law  |z Italia.